00667 a2200181 4500020001500000040001300015082001000028100002400038245008200062260003700144300002800181500001800209650004600227700001700273942002300290999001500313952015700328 a0071189475 aDLCbDLC a512.5 aLipschutz, Seymour. aSchaum' s outline of theory and problems of linear algebracLipschutz, Seyman aNew York :bMcGraw-Hill,cc2001. aviii, 424 p. ; .c27 cm ancludes Index aAlgebras, Linear--Outlines, syllabi, etc. aLipson, Marc cBKk512.5 LIP2ddc c8946d8946 001040708NFICaCLbCLcGENd2005-06-15eAllied Book Companyg668.68l4m2o512.5 LIPpSEECS005940q2024-01-31r2023-10-03s2023-10-03w2017-01-05yBK